| 000 | 00693nam0a22002531 4500 | ||
|---|---|---|---|
| 001 | rc\332753 | ||
| 005 | 20250621041447.0 | ||
| 010 |
_a5-10-000238-7 _99000 |
||
| 035 | _a(NLR Aleph) 005567977 | ||
| 090 |
_a5981505 _c5981505 |
||
| 100 | _a20030307d1989 |||y0rusy50 ca | ||
| 101 | 0 | _arus | |
| 102 | _aRU | ||
| 105 | _aa ||||||||| | ||
| 200 | 1 | _aЛесная эстетика | |
| 210 |
_aМ. _cАгропромиздат _d1989 |
||
| 215 |
_a188, [3] с. _cил. _d23 |
||
| 320 | _aБиблиогр.: с. 190 | ||
| 700 | 1 |
_aБобров _bР.В. _gРэм Васильевич |
|
| 801 | 0 |
_aRU _bNLR _gpsbo |
|
| 801 | 1 |
_aRU _bELAR _2rusmarc |
|
| 852 |
_aNLR _j89-5/2572 |
||
| 942 | _cBOOK | ||
| 980 | _aNB | ||